| 000 | 00871cab a22001935a 4500 | ||
|---|---|---|---|
| 001 | L135786 | ||
| 008 | 061211s2006 xxk f 000 0 eng d | ||
| 035 | _a(Sirsi) u135786 | ||
| 041 | 0 | _aeng | |
| 100 | 1 | _aMitchell, Stan | |
| 245 | 0 | _aStandard definition | |
| 260 | _c2006 | ||
| 490 | 0 |
_aPremises and Facilities Management _vOctober 2006, 66-68(3) |
|
| 520 | _aExplores why standards are vital for developing best practice in facilities management, and its status as a profession. Standards, in the widest sense have already been established and have influenced the progress of the facilities management market. Claims that to be a professional discipline, facilities management should take ownership and be proactive in terms of establishing standards. | ||
| 590 | _aKA | ||
| 651 | 4 |
_aUnited Kingdom _y |
|
| 690 | _aMANAGEMENT-FACILITIES MANAGEMENT | ||
| 942 | _n0 | ||
| 999 |
_c77991 _d77991 |
||